01524 a2200193 45000010006000000050017000060080041000230030015000640400040000790800100001192450025002190200018002442640068002623000019003305050929003490410008012781000024012867000020013103967820260407155653.0260407a1981 arg spa dAR-UNSa-BCEJYS aAR-UNSa-BCEJYSbspacAR-UNSa-BCEJYS a711.4xOrdenación urbana. Desarrollo urbano. Áreas edificadas. Conurbaciones. Asentamientos10aLa dinámica urbana a84-7088-280-5 1aMadrid :bInstituto de Estudios de Administración Localc1981 a218 p.c22 cm. aParte I: Las fuerzas motrices : 1. Permanencia de la dinámica del espacio urbanizado - 2. La ciudad en su entorno global - 3. Los dinamismos interurbanos - 4. Impactos del transporte - Parte II: Los mecanismos : 1. Cómo evaluar la dinámica urbana - 2. Los signos de la dinámica del marcoedificado - 3. Ritmo urbanos - 4. Inercias y precisiones - 5. Hacia una teoría del proceso de obsolesencia - 6. Los mecanismos de decisión - 7. Una economía política urbana - 8. El caso de las ciudades de las democracias populares - 9. Dominio o encuadramiento de la dinámica urbana - Parte III: La diferenciación geográfica: 1. La dinámica del centro de las ciudades - 2. Las zonas internas: reconquista o regeneración - 3. Intensificación y reconversión en el espacio suburbano - 4. El espontáneo crecimiento suburbano en las ciudades del tercer mundo - 5. Dinámicas azonales : Los canales pluviales.  aspa1 aVioque Lozano, Juan1 aChaline, Claude